| 000 | 01281cad a22001935a 4500 | ||
|---|---|---|---|
| 001 | L153139 | ||
| 008 | 110613e2011 xxk 000 0 eng d | ||
| 035 | _a(Sirsi) u153139 | ||
| 041 | 0 | _aeng | |
| 110 | 2 |
_aThe Law Commission _93306 |
|
| 245 | 0 | 0 |
_aMaking land work _beasements, covenants and profits a prendre (Law Com no. 327) _h[electronic resource] |
| 260 |
_aLondon _bStationery Office _c2011 |
||
| 520 | _aMakes recommendations to simplify, modernise and enhance the law of easements, covenants and profits a prendre. These rights are essential to the effective use of land but parts of the current law are ancient, contradictory and unfit for modern society. The report recommends certain reforms including making it possible for the benefit and burden of positive obligations to be enforced by and against subsequent owners and the creation of easements that allow a substantial use of land by the benefitting owner such as rights to park a car. | ||
| 590 | _aKA NTK | ||
| 651 | 4 |
_aEngland and Wales _y1543- |
|
| 690 | _aPROPERTY-PROPERTY ACQUISITION AND DISPOSAL-REGISTRATION OF TITLE TO PROPERTY-LAND REGISTRATION | ||
| 856 | 4 | 0 |
_uhttps://www.justice.gov.uk/lawcommission/docs/lc327_easements_report.pdf _zView the report free of charge at www.justice.gov.uk |
| 942 | _n0 | ||
| 999 |
_c83206 _d83206 |
||